000 00827nam a2200193 i 4500
001 22786
003 ES-MaACL
005 20230906152745.0
007 t|
008 021204s1837 sp |||| | spa d
100 1 _aAlonso de Viado, Manuel.
_920294
245 1 0 _aMemoria leída en la Sección de Ciencias Morales y Políticas del Ateneo de Madrid el 15 de febrero de 1837, sobre si conviene o no abolir los diezmos en España /
_cpor Manuel Alonso de Viado.
260 _aMadrid :
_b[s.n.],
_c1837 (
_fTomás Jordán)
300 _a16 p. ;
_c18 cm.
610 2 4 _aAteneo de Madrid.
_bSección de Ciencias Morales y Políticas-
_vMemorias.
_91986
650 4 _aDiezmos-
_zEspaña.
_911885
852 4 _aES-MaACL
_jT-20-F-11
_z- Enc. hol., falto de cub. original
_z- Enc. en un vol. facticio
852 4 _aES-MaACL
_jT-23-F-12
999 _c22786
_d22786